El cielo
Shranjeno v:
| Glavni avtor: | |
|---|---|
| Format: | Knjiga |
| Jezik: | španščina |
| Izdano: |
Barcelona
Parramón
2009
|
| Izdaja: | 2a. ed |
| Serija: | Guías de Campo
|
| Teme: | |
| Oznake: |
Označite
Brez oznak, prvi označite!
|
MARC
| LEADER | 00000nam a2200000 a 4500 | ||
|---|---|---|---|
| 001 | UCG6232 | ||
| 003 | CL-VaPUC | ||
| 008 | 110414e20090300SP |||||||||||||||||spa|d | ||
| 020 | |a 9788434228351 | ||
| 082 | 0 | 4 | |a 8 |b BAN |2 21 |
| 100 | 0 | |a Banqueri, Eduardo |e author |9 556292 | |
| 245 | 1 | 3 | |a El cielo |
| 250 | |a 2a. ed | ||
| 300 | |a 32 p | ||
| 942 | |c BK | ||
| 945 | |d 20110414 00:00:00 |a dcastane | ||
| 260 | |a Barcelona |b Parramón |c 2009 | ||
| 650 | 0 | |a Libros infantiles |9 389584 | |
| 650 | 0 | |a Astronomía |9 260985 | |
| 583 | |a last modification |c 20110414 00:00:00 |k Rodrigo Vera | ||
| 490 | 0 | |a Guías de Campo | |
| 999 | |c 344506 |d 344504 | ||
| 952 | |0 0 |1 0 |4 0 |6 8_000000000000000_BAN_2009 |7 0 |8 C |9 442505 |a BIBCUR |b BIBCUR |d 2019-11-22 |i 4763513 |l 7 |o 8 BAN 2009 |p 4763513 |r 2025-04-22 |s 2024-07-30 |w 2019-11-22 |y BK |k INF | ||